Loading...
| Current Events | 2 | 10.00 | 50% | 50% | 0% |
| Fine Arts - Classical Music | 5 | 16.00 | 100% | 40% | 20% |
| Fine Arts - Other Fine Arts | 6 | 10.00 | 67% | 33% | 0% |
| History - American History | 7 | 11.43 | 86% | 0% | 29% |
| History - European History | 6 | 11.67 | 83% | 33% | 0% |
| History - Other History | 6 | 6.67 | 67% | 0% | 0% |
| History - World History | 3 | 10.00 | 100% | 0% | 0% |
| Literature - American Literature | 5 | 18.00 | 100% | 80% | 0% |
| Literature - British Literature | 4 | 10.00 | 75% | 0% | 25% |
| Literature - European Literature | 6 | 18.33 | 100% | 50% | 33% |
| Literature - World Literature | 7 | 14.29 | 100% | 29% | 14% |
| Mythology | 7 | 14.29 | 100% | 43% | 0% |
| Painting/Sculpture | 9 | 17.78 | 100% | 67% | 11% |
| Philosophy | 1 | 20.00 | 100% | 100% | 0% |
| Pop Culture | 5 | 14.00 | 100% | 40% | 0% |
| Religion | 5 | 14.00 | 80% | 60% | 0% |
| Science - Biology | 5 | 18.00 | 100% | 60% | 20% |
| Science - Chemistry | 8 | 18.75 | 100% | 88% | 0% |
| Science - Other Science | 5 | 22.00 | 100% | 80% | 40% |
| Science - Physics | 7 | 20.00 | 100% | 71% | 29% |
| Social Science | 3 | 6.67 | 67% | 0% | 0% |